• 首页
  • 本馆介绍
  • 公告通知
  • 最新文献
  • 馆藏检索
  • 电子资源
  • 读者导购
  • 参考咨询
  • 我的图书馆
  • 登录
  • 详细信息显示
  • 放入我的书架
  • 预约/预借图书
  • 作者相关作品
  • 分类相关作品
  • 丛书相关作品
  • 出版社相关作品

书目信息

  • 表格格式
  • 工作单格式
  • 卡片格式
题名:
简谱入门基础教程
    
 
作者: ;东方卓越 主编
分册:  
出版信息: 北京   同心出版社  2019.5
页数: 160页
开本: 28cm
丛书名:
单 册:
中图分类: J613.2
科图分类:
主题词: 简谱--基本知识
电子资源:
ISBN: 978-7-80593-517-1
000 00740nam0 2200253 45
001 489711
005 20140818100639.0
010    @a978-7-80593-517-1@dCNY29.80
092    @aCN@b0001645-623
099    @aCAL 012005206383
100    @a20020926d2002 em y0chiy0110 ea
101 0  @achi
102    @aCN@b110000
105    @aagk z 000yy
106    @ar
200 1  @a简谱入门基础教程@AJian Pu Ru Men Ji Chu Jiao Cheng@e打开音乐之门的"金钥匙"@f主编东方·卓越
210    @a北京@c同心出版社@d2019.5
215    @a160页@c图@d28cm
517 1  @a打开音乐之门的"金钥匙"
606 0  @a简谱@x基本知识
690    @aJ613.2@v5
711 02 @a东方卓越@ADong fang zhuo yue@4主编
801    @aCN@b江苏凤凰@c20211018
905    @b1356081-4@dJ613.2@e1392@f4
    
    简谱入门基础教程:打开音乐之门的"金钥匙"/主编东方·卓越.-北京:同心出版社,2019.5
    160页:图;28cm
    
    
    ISBN 978-7-80593-517-1:CNY29.80
    
●
相关链接 在E读中查询图书 在五车中查询图书 在当当中查询图书 在豆瓣中查询图书


正题名:简谱入门基础教程     索取号:J613.2/1392         预约/预借

序号 登录号 条形码 馆藏地/架位号 状态 备注
1 1356081   213560813   第一样本阅览室/ [索取号:J613.2/1392] 在馆    
2 1356082   213560822   第一借阅区/ [索取号:J613.2/1392] 在馆    
3 1356083   213560831   第一借阅区/ [索取号:J613.2/1392] 在馆    
4 1356084   213560840   第一借阅区/ [索取号:J613.2/1392] 在馆    
唐山师范学院图书馆 欢迎您!
大连网信软件有限公司© 版权所有